[Event "Bremen Silvester op-A"]
[Site "Bremen"]
[Date "2022.12.29"]
[Round "5"]
[White "Rennkamp, David"]
[Black "Villwock, Martin"]
[Result "0-1"]
[WhiteElo "1856"]
[BlackElo "2107"]
[PlyCount "56"]
[EventDate "2022.12.27"]
[EventType "swiss"]
[EventRounds "7"]
[EventCountry "GER"]
[SourceTitle "CBM 211 Extra"]
[Source "ChessBase"]
[SourceDate "2023.01.31"]
[SourceVersion "1"]
[SourceVersionDate "2023.01.31"]
[SourceQuality "1"]

1. e4 g6 2. d4 Bg7 3. Nc3 d6 4. f4 a6 5. Nf3 b5 6. a3 Nd7 7. Be3 Bb7 8. Bd3 c5 9. dxc5 Nxc5 10. Bxc5 Bxc3+ 11. bxc3 dxc5 12. e5 c4 13. Be2 Qa5 14. Qd2 Rd8 15. Qe3 Nh6 16. 0-0 Nf5 17. Qa7 Be4 18. g4 Ng7 19. Qe3 Ba8 20. Nd4 h5 21. h3 hxg4 22. hxg4 Rh1+ 23. Kf2 Rh2+ 24. Ke1 Ne6 25. Nxe6 fxe6 26. Ra2 Bg2 27. Rg1 Rh3 28. Qc1 Qxc3+ 0-1

[Event "Reinstorf op"]
[Site "Reinstorf"]
[Date "2022.01.30"]
[Round "2"]
[White "Rennkamp, David"]
[Black "Hilbenz, Guntram"]
[Result "1/2-1/2"]
[WhiteElo "1496"]
[BlackElo "1857"]
[PlyCount "82"]
[EventDate "2022.01.29"]
[EventType "swiss"]
[EventRounds "9"]
[EventCountry "GER"]
[SourceTitle "CBM 206 Extra"]
[Source "ChessBase"]
[SourceDate "2022.03.31"]
[SourceVersion "1"]
[SourceVersionDate "2022.03.31"]
[SourceQuality "1"]

1. e4 e5 2. Nf3 Nc6 3. Bc4 Nf6 4. d3 Bc5 5. c3 a6 6. b4 Ba7 7. 0-0 d6 8. Be3 Bxe3 9. fxe3 0-0 10. Nbd2 d5 11. exd5 Nxd5 12. Bxd5 Qxd5 13. Qc2 f6 14. e4 Qd6 15. Nc4 Qe7 16. Rad1 Be6 17. Ne3 Rad8 18. Rd2 g6 19. h3 f5 20. exf5 gxf5 21. Re1 Qg7 22. Kh2 f4 23. Nf1 Bf5 24. Nh4 Qf6 25. Nxf5 Qxf5 26. Re4 Rd6 27. g3 fxg3+ 28. Nxg3 Qf3 29. Ne2 Kh8 30. Ng1 Qf5 31. Rg4 Ne7 32. Ne2 Rfd8 33. d4 Qf2+ 34. Rg2 Qh4 35. Rg4 Qf6 36. Qe4 exd4 37. Rxd4 Rxd4 38. Nxd4 Qd6+ 39. Qf4 Qxf4+ 40. Rxf4 Nd5 41. Rf3 Rg8 1/2-1/2

[Event "Reinstorf op"]
[Site "Reinstorf"]
[Date "2022.01.29"]
[Round "1"]
[White "Pfau, Beate"]
[Black "Rennkamp, David"]
[Result "1-0"]
[WhiteElo "2034"]
[BlackElo "1496"]
[PlyCount "117"]
[EventDate "2022.01.29"]
[EventType "swiss"]
[EventRounds "9"]
[EventCountry "GER"]
[SourceTitle "CBM 206 Extra"]
[Source "ChessBase"]
[SourceDate "2022.03.31"]
[SourceVersion "1"]
[SourceVersionDate "2022.03.31"]
[SourceQuality "1"]

1. c4 e5 2. g3 Nf6 3. Bg2 g6 4. Nc3 Bg7 5. Nf3 d6 6. d3 0-0 7. 0-0 c6 8. Rb1 Be6 9. Ng5 Nbd7 10. Nxe6 fxe6 11. e4 Qe7 12. Be3 c5 13. Bh3 a6 14. Qd2 Rfb8 15. a3 b5 16. b3 Ne8 17. Bg5 Bf6 18. Bxf6 Ndxf6 19. Rb2 Ra7 20. Rfb1 Nc7 21. Bg2 a5 22. b4 axb4 23. axb4 bxc4 24. bxc5 Rxb2 25. Qxb2 dxc5 26. dxc4 Nd7 27. Qd2 Ne8 28. Nb5 Rb7 29. Rd1 Nb6 30. Qc3 Rd7 31. Rf1 Nd6 32. Na3 Nf7 33. Rb1 Qd6 34. Bh3 Nd8 35. Nb5 Qd3 36. Qxd3 Rxd3 37. Nc7 Nxc4 38. Nxe6 Kf7 39. Nxc5 Rd6 40. Re1 Nd2 41. Bg2 Nc6 42. f4 Rd4 43. Kf2 Nb4 44. fxe5 Rc4 45. e6+ Ke7 46. Re2 Rxc5 47. Rxd2 Kxe6 48. Rd8 Rc2+ 49. Kf3 Rc3+ 50. Kf4 h6 51. Bh3+ Kf7 52. e5 g5+ 53. Ke4 Rc4+ 54. Kf5 Nc6 55. e6+ Ke7 56. Rd7+ Ke8 57. Kf6 Rc2 58. Rh7 Rf2+ 59. Bf5 1-0

[Event "GER-chT U14"]
[Site "Willingen"]
[Date "2021.06.27"]
[Round "7.1"]
[White "Abed, Karim"]
[Black "Rennkamp, David"]
[Result "1/2-1/2"]
[WhiteElo "1626"]
[BlackElo "1371"]
[PlyCount "69"]
[EventDate "2021.06.23"]
[EventType "team-swiss"]
[EventRounds "7"]
[EventCountry "GER"]
[SourceTitle "EXT 2022"]
[Source "ChessBase"]
[SourceDate "2021.10.06"]
[SourceVersion "1"]
[SourceVersionDate "2021.10.06"]
[SourceQuality "1"]
[WhiteTeam "Koenigsjaeger Sued West"]
[BlackTeam "Lueneburg Turm"]
[WhiteTeamCountry "GER"]
[BlackTeamCountry "GER"]

1. Nf3 Nf6 2. g3 d5 3. Bg2 Bf5 4. 0-0 e6 5. d4 Nbd7 6. Nh4 c6 7. Nxf5 exf5 8. c4 g6 9. cxd5 Nxd5 10. e4 fxe4 11. Bxe4 N7f6 12. Re1 Be7 13. Bh6 Nxe4 14. Rxe4 f5 15. Re2 Kf7 16. Qb3 Qb6 17. Qxb6 Nxb6 18. Nd2 Rhe8 19. Nf3 Bf6 20. Ne5+ Bxe5 21. dxe5 Ke6 22. Be3 Nd5 23. Bc5 Rad8 24. f4 Rd7 25. Rc1 a6 26. Kf2 Red8 27. Rcc2 Re8 28. Red2 Red8 29. Ke2 Nc7 30. Be3 Rxd2+ 31. Rxd2 Rxd2+ 32. Bxd2 Kd5 33. Kd3 Ne6 34. Be3 b5 35. b4 1/2-1/2

[Event "GER-chT U14"]
[Site "Willingen"]
[Date "2021.06.25"]
[Round "4.2"]
[White "Rennkamp, David"]
[Black "Ruddat, Jarne"]
[Result "1/2-1/2"]
[WhiteElo "1371"]
[BlackElo "1385"]
[PlyCount "78"]
[EventDate "2021.06.23"]
[EventType "team-swiss"]
[EventRounds "7"]
[EventCountry "GER"]
[SourceTitle "EXT 2022"]
[Source "ChessBase"]
[SourceDate "2021.10.06"]
[SourceVersion "1"]
[SourceVersionDate "2021.10.06"]
[SourceQuality "1"]
[WhiteTeam "Lueneburg Turm"]
[BlackTeam "Lichtenberg Borussia"]
[WhiteTeamCountry "GER"]
[BlackTeamCountry "GER"]

1. e4 e5 2. Nf3 Nc6 3. Bc4 Bc5 4. c3 d6 5. d3 a6 6. b4 Ba7 7. 0-0 Nf6 8. Be3 Ne7 9. Nbd2 Ng6 10. Re1 0-0 11. Nf1 Nh5 12. Bxa7 Rxa7 13. Ne3 Ra8 14. Qd2 Nhf4 15. Nd5 Nxd5 16. Bxd5 c6 17. Bb3 Nf4 18. Kh1 Bg4 19. Ng1 Kh8 20. f3 Bd7 21. Ne2 Ng6 22. Ng3 Qe7 23. Rad1 Rad8 24. d4 Bc8 25. Qe3 Qc7 26. Rd3 Rfe8 27. Red1 d5 28. dxe5 Nxe5 29. R3d2 dxe4 30. Rxd8 Rxd8 31. Rxd8+ Qxd8 32. Nxe4 f6 33. Qd2 Qxd2 34. Nxd2 Bf5 35. Nc4 Nxc4 36. Bxc4 g6 37. g3 Kg7 38. Kg1 Kf8 39. Kf2 Ke7 1/2-1/2

[Event "GER-chT Christmas U16 Lasker"]
[Site "Playchess.com INT"]
[Date "2020.12.28"]
[Round "4.3"]
[White "Rennkamp, David"]
[Black "Wu, Luka"]
[Result "0-1"]
[WhiteElo "1371"]
[BlackElo "2065"]
[PlyCount "56"]
[EventDate "2020.12.28"]
[EventType "team-swiss (blitz)"]
[EventRounds "7"]
[EventCountry "GER"]
[SourceTitle "CBM 200 Extra"]
[Source "ChessBase"]
[SourceDate "2021.03.31"]
[SourceVersion "1"]
[SourceVersionDate "2021.03.31"]
[SourceQuality "1"]
[WhiteTeam "Lueneburg Turm"]
[BlackTeam "Baden-Baden"]
[WhiteTeamCountry "GER"]
[BlackTeamCountry "GER"]

1. e4 c5 2. Nc3 d6 3. f4 g6 4. d3 Bg7 5. Nf3 e6 6. g3 Ne7 7. Bg2 0-0 8. 0-0 Nbc6 9. Rb1 Rb8 10. Be3 b5 11. a3 b4 12. axb4 Rxb4 13. Qd2 Qb6 14. b3 a5 15. h3 Ba6 16. Rfe1 Rb8 17. Kh2 d5 18. exd5 exd5 19. Na4 Qc7 20. Bxc5 R4b5 21. Bxe7 Nxe7 22. Qe2 Nf5 23. Nb2 Rc5 24. Rec1 Rxb3 25. cxb3 Rxc1 26. Rxc1 Qxc1 27. Na4 Bb5 28. Qe8+ Bxe8 0-1

[Event "Lueneburg distr-ch U14/16/18"]
[Site "Muenster"]
[Date "2019.10.15"]
[Round "5"]
[White "Rennkamp, David"]
[Black "Sander, Raphael"]
[Result "1-0"]
[WhiteElo "1322"]
[BlackElo "852"]
[PlyCount "54"]
[EventDate "2019.10.14"]
[EventType "swiss"]
[EventRounds "7"]
[EventCountry "GER"]
[SourceTitle "EXT 2023"]
[Source "ChessBase"]
[SourceDate "2022.10.05"]
[SourceVersion "1"]
[SourceVersionDate "2022.10.05"]
[SourceQuality "1"]

1. e4 e5 2. Nf3 Nc6 3. Bc4 Nf6 4. d3 Bc5 5. c3 d6 6. b4 Bb6 7. a4 a6 8. a5 Ba7 9. 0-0 0-0 10. Be3 b6 11. axb6 Bxb6 12. Nbd2 Ng4 13. Bxb6 cxb6 14. Bd5 Bb7 15. Qe2 Qc7 16. d4 Ne7 17. Bxb7 Qxb7 18. dxe5 dxe5 19. h3 Nf6 20. Nxe5 Nd7 21. Nxd7 Qxd7 22. Nb3 b5 23. Nc5 Qc6 24. f3 Qb6 25. Kh1 h6 26. Nd7 Qd8 27. Nxf8 Qxf8 1-0

[Event "GER-chT U12"]
[Site "Magdeburg"]
[Date "2018.12.28"]
[Round "3.4"]
[White "Rennkamp, David"]
[Black "Bregulla, Paul"]
[Result "0-1"]
[WhiteElo "1223"]
[BlackElo "1539"]
[PlyCount "118"]
[EventDate "2018.12.27"]
[EventType "team-swiss"]
[EventRounds "7"]
[EventCountry "GER"]
[SourceTitle "CBM 188 Extra"]
[Source "ChessBase"]
[SourceDate "2019.02.26"]
[SourceVersion "1"]
[SourceVersionDate "2019.02.26"]
[SourceQuality "1"]
[WhiteTeam "Lueneburg Turm"]
[BlackTeam "Dresden Leuben"]
[WhiteTeamCountry "GER"]
[BlackTeamCountry "GER"]

1. e4 e5 2. Nf3 Nc6 3. Bc4 Bc5 4. d3 Nf6 5. c3 d6 6. b4 Bb6 7. a4 a6 8. a5 Ba7 9. 0-0 0-0 10. Be3 Be6 11. Ba2 Re8 12. Bxa7 Nxa7 13. Bxe6 fxe6 14. Nbd2 Nc6 15. Re1 Qd7 16. Qc2 Rab8 17. d4 exd4 18. Nxd4 Nxd4 19. cxd4 e5 20. d5 c6 21. dxc6 Qxc6 22. Qxc6 bxc6 23. Rab1 Rb5 24. Rec1 Rc8 25. f3 c5 26. bxc5 Rbxc5 27. Rxc5 Rxc5 28. Rb6 Rxa5 29. Rxd6 Kf7 30. Nc4 Rc5 31. Nb6 a5 32. Rd1 Ke7 33. Ra1 Nd7 34. Na4 Rc4 35. Nb2 Rb4 36. Nd1 a4 37. Nc3 Nb6 38. Kf1 Kd6 39. Rb1 Rxb1+ 40. Nxb1 Kc5 41. Ke2 Kc4 42. Kd2 Kb3 43. Kc1 Nc4 44. g3 a3 45. Nxa3 Kxa3 46. Kd1 Kb3 47. Ke2 Kc3 48. h4 Kd4 49. g4 Nd6 50. Kf2 Nxe4+ 51. fxe4 Kxe4 52. Kg3 g6 53. g5 Kf5 54. Kf3 e4+ 55. Ke3 Ke5 56. Kf2 Kf4 57. Ke2 e3 58. Ke1 Kg4 59. Ke2 Kxh4 0-1

[Event "Harburg-chI 12th"]
[Site "Hamburg"]
[Date "2017.08.05"]
[Round "2"]
[White "Krueger, Dietrich"]
[Black "Rennkamp, David"]
[Result "1/2-1/2"]
[WhiteElo "1305"]
[BlackElo "1012"]
[PlyCount "69"]
[EventDate "2017.08.06"]
[EventType "tourn"]
[EventRounds "5"]
[EventCountry "GER"]
[SourceTitle "CBM 180 Extra"]
[Source "ChessBase"]
[SourceDate "2017.10.06"]
[SourceVersion "1"]
[SourceVersionDate "2017.10.06"]
[SourceQuality "1"]

1. Nf3 d5 2. d4 Bg4 3. e3 Nf6 4. Be2 Nc6 5. c4 dxc4 6. Bxc4 a6 7. h3 Bh5 8. Nbd2 b5 9. Bb3 e6 10. Qc2 Qd7 11. a4 Ra7 12. Qd3 Nb4 13. Qe2 c6 14. 0-0 Bd6 15. e4 Bf4 16. g4 Bxd2 17. Bxd2 e5 18. Bxb4 Bxg4 19. Bc5 Bxh3 20. Nxe5 Bxf1 21. Rxf1 Qc7 22. Bxa7 Qxa7 23. Bxf7+ Kf8 24. Rc1 Qxd4 25. Nxc6 Qxa4 26. e5 Kxf7 27. exf6 gxf6 28. Qe7+ Kg6 29. f3 Qf4 30. Qe4+ Kg5 31. Qxf4+ Kxf4 32. Kf2 Rc8 33. Ke2 h5 34. Kd2 Kxf3 35. Nd4+ 1/2-1/2